| 000 | 01589cam a2200445 a 4500 | ||
|---|---|---|---|
| 001 | 22340 | ||
| 003 | VRT | ||
| 005 | 20260326143843.0 | ||
| 008 | 240318s2013 xo g 000 f slo | ||
| 015 | _aSNBA2013/04 | ||
| 020 |
_a9788055133522 _q(viaz.) |
||
| 035 | _a431A3907-23DF-4A63-9DB2-053A404DE25C | ||
| 035 | _aurn:nbn:sk:snk-amjn64 | ||
| 035 | _aurn:nbn:sk:snk-am001syx | ||
| 039 | 9 |
_a202406251955 _bAUTHORITY _c202403181900 _dVLOAD _c201911181123 _dAUTHORITY _c201604301144 _dVLOAD |
|
| 040 |
_aPOKPOH _bslo _cPOKPOH _dSNK _eAACR2 |
||
| 041 | 1 |
_aslo _heng |
|
| 044 |
_axo _cSK |
||
| 072 | 7 |
_a821.111(73)-3 _xAmerická próza _2konspekt |
|
| 080 |
_a821.111(73)-31 _22001 |
||
| 080 |
_a(0:82-993) _22001 |
||
| 100 | 1 |
_aBerlin, Eve _4aut |
|
| 240 | 1 | 0 |
_aDesire's edge _lSlovensky |
| 245 | 1 | 0 |
_aHrana túžby _cEve Berlinová ; [z anglického originálu preložila Jana Seichertová |
| 250 | _a[1. vyd.] | ||
| 260 |
_aBratislava _bIkar _c2013 |
||
| 300 |
_a253 s. _c21 cm |
||
| 655 | 7 |
_aamerické romány _2SNKPH |
|
| 655 | 7 |
_aerotické romány _2SNKPH |
|
| 655 | 7 |
_aAmerican fiction _2SNKPHeng |
|
| 655 | 7 |
_aErotic novels _2SNKPHeng |
|
| 700 | 1 |
_aSeichertová, Jana _4trl |
|
| 942 |
_2ddc _cKLDO _n0 |
||
| 949 |
_6273K0574298 _asvkpoA 222289 _bsvkpo575867 |
||
| 949 |
_6270001000411067 _asvkbbA 138096 _bsvkbbm 735671 |
||
| 949 |
_617A1068687 _asnkSC 154037 D1 _bsnk2013/10329 _o1073/13 _s6100:20210923 |
||
| 949 |
_617A1067587 _asnkSC 154037 _bsnk2013/8754 _o1073/13 |
||
| 949 |
_63869A13507 _abpksh821.111(73)-31 _bbpksh63297 |
||
| 949 |
_62889199337 _asavukPV 17523 _bsavuk2013/1540 |
||
| 999 |
_c22340 _d22340 |
||